Normal view
MARC view
Entry Personal Name
001 - CONTROL NUMBER
- control field: 66539
003 - CONTROL NUMBER IDENTIFIER
- control field: dpl
005 - DATE AND TIME OF LATEST TRANSACTION
- control field: 20240521104550.0
008 - FIXED-LENGTH DATA ELEMENTS
- fixed length control field: 240521|| aca||aabn | a|a d
040 ## - CATALOGING SOURCE
- Original cataloging agency: dpl
- Transcribing agency: dpl
100 ## - HEADING--PERSONAL NAME
- Personal name: चतुर्वेदी, यतीन्द्र नाथ
670 ## - SOURCE DATA FOUND
- Source citation: Work cat.: (dpl)202496: चतुर्वेदी, यतीन्द्र नाथ, काशी के प्रमुख व्रत और तीर्थ स्नान/, 2023
